|
|
|
|
| LEADER |
00000nab a2200000 a 4500 |
| 001 |
vtls001003821 |
| 003 |
SK-MaSNL |
| 005 |
20260303041000.0 |
| 008 |
140522e19960000xo 0 slo |
| 035 |
|
|
|a RV4421
|
| 040 |
|
|
|a RVGKPD
|b slo
|c RVGKPD
|e AACR2
|
| 041 |
0 |
|
|a slo
|
| 044 |
|
|
|a xo
|c SK
|
| 080 |
|
|
|a 719
|2 1981
|
| 245 |
0 |
0 |
|a Rub a líc jednej mince
|
| 500 |
|
|
|a zápis
|
| 500 |
|
|
|a pozitíva
|
| 500 |
|
|
|a problémy
|
| 610 |
2 |
7 |
|a Spišský hrad (Žehra, Slovensko)
|2 RVGKPD
|9 55722
|
| 650 |
0 |
7 |
|a jaskyne
|2 RVGKPD
|9 20772
|
| 650 |
0 |
7 |
|a Zoznam svetového kultúrneho a prírodného dedičstva UNESCO
|2 RVGKPD
|9 899370
|
| 651 |
|
7 |
|a Národný park Slovenský kras (Slovensko)
|2 RVGKPD
|9 73258
|
| 710 |
2 |
|
|a Spišský hrad (Žehra, Slovensko)
|4 aut
|9 55722
|
| 773 |
0 |
8 |
|t Životné prostredie
|g Roč. 30
|
| 852 |
|
|
|a ZVYKNI
|b KIS3GCP
|
| 999 |
|
|
|c 1684621
|d 1686551
|